00378nam a2200121Ia 4500008004100000245011700041260001700158260000900175300000800184650002300192650001200215856002900227170516s9999 xx 000 0 und d aCirculating MiR-16-5p and MiR-19b-3p as Two Novel Potential Biomarkers to Indicate Progression of Gastric Cancer bTheranostics c2015 a5:7 xMedical Technology xMedtech uhttp://www.thno.org/v5i7